Statistics for 249 Countries of the World according to ISO - Capitals

Click here to take the quiz!

General Stats

  • This quiz has been taken 2,678 times
    (68 since last reset)
  • The average score is 159 of 245

Answer Stats

ContinentIndependentCountryCapital% Correct
EuropeYesFranceParis
91%
EuropeYesNorwayOslo
87%
EuropeYesItalyRome
87%
EuropeYesSwitzerlandBern
85%
EuropeYesUnited KingdomLondon
85%
EuropeYesRussiaMoscow
85%
EuropeYesCzechiaPrague
85%
EuropeYesAustriaVienna
85%
EuropeYesGreeceAthens
83%
AsiaYesIraqBaghdad
83%
EuropeYesGermanyBerlin
83%
EuropeYesBelgiumBrussels
83%
EuropeYesDenmarkCopenhagen
83%
EuropeYesIrelandDublin
83%
EuropeYesFinlandHelsinki
83%
EuropeYesUkraineKyiv
83%
EuropeYesSpainMadrid
83%
AsiaYesIndiaNew Delhi
83%
EuropeYesBulgariaSofia
83%
EuropeYesSwedenStockholm
83%
EuropeYesEstoniaTallinn
83%
EuropeYesAlbaniaTirana
83%
AsiaYesJapanTokyo
83%
EuropeYesNetherlandsAmsterdam
81%
AsiaYesChinaBeijing
81%
EuropeYesHungaryBudapest
81%
AsiaYesIsraelJerusalem
81%
EuropeYesPortugalLisbon
81%
EuropeYesBelarusMinsk
81%
EuropeYesIcelandReykjavík
81%
AsiaYesSouth KoreaSeoul
81%
EuropeYesVatican CityVatican City
81%
EuropeYesLithuaniaVilnius
81%
EuropeYesPolandWarsaw
81%
EuropeYesCroatiaZagreb
81%
AsiaYesUnited Arab EmiratesAbu Dhabi
80%
EuropeYesSerbiaBelgrade
80%
EuropeYesRomaniaBucharest
80%
EuropeYesSan MarinoCity of San Marino
80%
AsiaYesPakistanIslamabad
80%
AsiaYesIndonesiaJakarta
80%
AsiaYesMalaysiaKuala Lumpur
80%
AsiaYesPhilippinesManila
80%
EuropeYesLatviaRiga
80%
AsiaYesIranTehran
80%
AfricaYesAlgeriaAlgiers
78%
AsiaYesTurkeyAnkara
78%
AsiaYesThailandBangkok
78%
AfricaYesEgyptCairo
78%
AsiaYesBangladeshDhaka
78%
AsiaYesNepalKathmandu
78%
EuropeYesLuxembourgLuxembourg City
78%
AfricaYesKenyaNairobi
78%
North AmericaYesCanadaOttawa
78%
AsiaYesSaudi ArabiaRiyadh
78%
EuropeYesBosnia and HerzegovinaSarajevo
78%
EuropeYesNorth MacedoniaSkopje
78%
EuropeYesAndorraAndorra-la-Vella
76%
AsiaYesKazakhstanAstana
76%
AsiaYesLebanonBeirut
76%
EuropeYesSlovakiaBratislava
76%
EuropeYesMoldovaChişinău
76%
AsiaYesQatarDoha
76%
AsiaYesAfghanistanKabul
76%
AfricaYesAngolaLuanda
76%
EuropeYesMonacoMonaco
76%
AsiaYesNorth KoreaPyongyang
76%
AsiaYesSingaporeSingapore
76%
AsiaYesMongoliaUlaanbaatar
76%
EuropeYesMaltaValletta
76%
AsiaYesJordanAmman
74%
AsiaYesAzerbaijanBaku
74%
South AmericaYesBrazilBrasilia
74%
South AmericaYesArgentinaBuenos Aires
74%
AsiaYesVietnamHanoi
74%
AfricaYesZimbabweHarare
74%
AsiaYesKuwaitKuwait City
74%
EuropeYesSloveniaLjubljana
74%
AsiaYesMaldivesMalé
74%
North AmericaYesMexicoMexico City
74%
AsiaYesOmanMuscat
74%
AsiaYesCyprusNicosia
74%
EuropeYesMontenegroPodgorica
74%
AfricaYesSouth AfricaPretoria, Bloemfontein, Cape Town
74%
AfricaYesMoroccoRabat
74%
AsiaYesGeorgiaTbilisi
74%
EuropeYesLiechtensteinVaduz
74%
AsiaYesLaosVientiane
74%
North AmericaYesUnited StatesWashington, D.C.
74%
AsiaYesArmeniaYerevan
74%
AfricaYesNigeriaAbuja
72%
AfricaYesGhanaAccra
72%
AfricaYesEthiopiaAddis Ababa
72%
AfricaYesMadagascarAntananarivo
72%
OceaniaYesAustraliaCanberra
72%
North AmericaYesCubaHavana
72%
AfricaYesDR CongoKinshasa
72%
South AmericaYesPeruLima
72%
AfricaYesSomaliaMogadishu
72%
AsiaYesCambodiaPhnom Penh
72%
AsiaYesYemenSana'a
72%
South AmericaYesChileSantiago
72%
AfricaYesCentral African RepublicBangui
70%
AsiaYesKyrgyzstanBishkek
70%
AfricaYesGuinea-BissauBissau
70%
South AmericaYesColombiaBogota
70%
AfricaYesSenegalDakar
70%
AsiaYesSyriaDamascus
70%
AfricaYesTanzaniaDodoma
70%
AfricaYesSouth SudanJuba
70%
AfricaYesUgandaKampala
70%
AfricaYesRwandaKigali
70%
North AmericaYesJamaicaKingston
70%
AsiaYesBahrainManama
70%
South AmericaYesUruguayMontevideo
70%
AfricaYesChadN'Djamena
70%
North AmericaYesPanamaPanama City
70%
North AmericaYesCosta RicaSan Jose
70%
North AmericaYesDominican RepublicSanto Domingo
70%
AfricaYesSão Tomé and PríncipeSão Tomé
70%
South AmericaYesBoliviaSucre, La Paz
70%
AsiaYesUzbekistanTashkent
70%
AfricaYesLibyaTripoli
70%
AfricaYesTunisiaTunis
70%
AfricaYesNamibiaWindhoek
70%
AsiaYesTurkmenistanAshgabat
69%
South AmericaYesParaguayAsunción
69%
AfricaYesMaliBamako
69%
South AmericaYesVenezuelaCaracas
69%
AsiaYesTimor-LesteDili
69%
AfricaYesDjiboutiDjibouti
69%
AsiaYesTajikistanDushanbe
69%
AfricaYesBotswanaGaborone
69%
North AmericaYesGuatemalaGuatemala City
69%
AfricaYesSudanKhartoum
69%
AfricaYesLiberiaMonrovia
69%
North AmericaYesBahamasNassau
69%
AfricaYesMauritaniaNouakchott
69%
AfricaYesBurkina FasoOuagadougou
69%
South AmericaYesEcuadorQuito
69%
AsiaDisputedTaiwanTaipei City
69%
AsiaYesBhutanThimphu
69%
AfricaYesCameroonYaounde
69%
AsiaYesBruneiBandar Seri Begawan
67%
AfricaYesRepublic of the CongoBrazzaville
67%
AfricaYesGabonLibreville
67%
AfricaYesMalawiLilongwe
67%
AfricaYesZambiaLusaka
67%
AsiaYesMyanmarNay Pyi Taw
67%
AfricaYesNigerNiamey
67%
North AmericaYesHaitiPort-au-Prince
67%
AfricaYesBeninPorto Novo, Cotonou
67%
AfricaYesEritreaAsmara
65%
AfricaYesGambiaBanjul
65%
North AmericaYesBelizeBelmopan
65%
AfricaYesGuineaConakry
65%
AfricaYesSierra LeoneFreetown
65%
South AmericaYesGuyanaGeorgetown
65%
AsiaChinaHong KongHong Kong
65%
AfricaYesTogoLomé
65%
AfricaYesEquatorial GuineaMalabo
65%
North AmericaYesNicaraguaManagua
65%
AfricaYesMozambiqueMaputo
65%
AfricaYesMauritiusPort Louis
65%
North AmericaYesTrinidad and TobagoPort of Spain
65%
AfricaYesCabo VerdePraia
65%
North AmericaYesEl SalvadorSan Salvador
65%
North AmericaYesHondurasTegucigalpa
65%
AfricaYesSeychellesVictoria
65%
OceaniaYesNew ZealandWellington
65%
North AmericaYesBarbadosBridgetown
63%
AsiaChinaMacauMacau
63%
AfricaYesComorosMoroni
63%
OceaniaYesPapua New GuineaPort Moresby
63%
North AmericaYesAntigua and BarbudaSt. John's
63%
North AmericaYesSaint Kitts and NevisBasseterre
61%
North AmericaYesSaint LuciaCastries
61%
AfricaYesBurundiGitega
61%
AfricaYesLesothoMaseru
61%
AfricaYesEswatiniMbabane
61%
South AmericaYesSurinameParamaribo
61%
OceaniaYesFijiSuva
61%
AfricaYesCôte d'IvoireYamoussoukro
61%
OceaniaYesSamoaApia
59%
EuropeUKGibraltarGibraltar
59%
AsiaDisputedPalestineJerusalem, Ramallah
59%
North AmericaYesSaint Vincent and the GrenadinesKingstown
59%
North AmericaYesDominicaRoseau
59%
North AmericaYesGrenadaSt. George's
59%
OceaniaYesTuvaluFunafuti
57%
OceaniaYesPalauNgerulmud
57%
OceaniaYesTongaNukuʻalofa
57%
North AmericaUSAPuerto RicoSan Juan
57%
AsiaYesSri LankaSri Jayawardenepura Kotte
57%
OceaniaYesSolomon IslandsHoniara
56%
North AmericaDenmarkGreenlandNuuk
56%
OceaniaYesVanuatuPort Vila
56%
OceaniaYesMarshall IslandsMajuro
54%
OceaniaYesMicronesiaPalikir
54%
OceaniaYesKiribatiTarawa
54%
OceaniaYesNauruYaren
54%
South AmericaFranceFrench GuianaCayenne
50%
OceaniaFranceNew CaledoniaNouméa
46%
EuropeUKIsle of ManDouglas
44%
EuropeDenmarkFaroe IslandsTórshavn 
44%
North AmericaUKBermudaHamilton
43%
North AmericaNetherlandsArubaOranjestad
43%
OceaniaFranceFrench PolynesiaPapeete
43%
North AmericaNetherlandsCuraçaoWillemstad
43%
EuropeNorwaySvalbard and Jan MayenLongyearbyen
41%
OceaniaUSAAmerican SamoaPago Pago
41%
South AmericaUKFalkland IslandsStanley
41%
North AmericaUSAU.S. Virgin IslandsCharlotte Amalie
39%
AfricaFranceRéunionSaint-Denis
39%
AfricaDisputedWestern SaharaLaayoune, Tifariti
37%
EuropeUKJerseySaint Helier
37%
North AmericaFranceSaint Pierre and MiquelonSaint-Pierre
37%
EuropeUKGuernseySaint Peter Port
35%
OceaniaUSANorthern Mariana IslandsSaipan
35%
OceaniaUKPitcairn IslandsAdamstown
33%
North AmericaFranceMartiniqueFort-de-France
33%
AfricaUKSaint Helena, Ascension and Tristan da CunhaJamestown
33%
EuropeFinlandÅland IslandsMariehamn
33%
North AmericaFranceGuadeloupeBasse-Terre
31%
AsiaAustraliaChristmas IslandFlying Fish Cove
31%
OceaniaUSAGuamHagåtña
31%
OceaniaNew ZealandNiueAlofi
30%
North AmericaNetherlandsCaribbean Netherlands - BonaireKralendijk
30%
AfricaFranceMayotteMamoudzou
30%
North AmericaNetherlandsCaribbean Netherlands - Sint EustatiusOranjestad
30%
North AmericaNetherlandsSint MaartenPhilipsburg
30%
North AmericaUKAnguillaThe Valley
30%
OceaniaNew ZealandCook IslandsAvarua
28%
North AmericaUKTurks and Caicos IslandsCockburn Town
28%
AntarcticaUKSouth Georgia and the South Sandwich IslandsKing Edward Point
28%
North AmericaUKVirgin IslandsRoad Town
28%
AsiaAustraliaCocos IslandsWest Island
28%
OceaniaAustraliaNorfolk IslandKingston
26%
OceaniaFranceWallis and FutunaMata-Utu
26%
North AmericaUKMontserratPlymouth, Brades
26%
North AmericaNetherlandsCaribbean Netherlands - SabaThe Bottom
26%
North AmericaFranceSaint MartinMarigot
24%
North AmericaUKCayman IslandsGeorge Town
20%
North AmericaFranceSaint BarthélemyGustavia
20%
AfricaFranceFrench Southern TerritoriesSaint-Pierre (Réunion)
20%

Score Distribution

Percentile by Number Answered

Percent of People with Each Score

Your Score History

You have not taken this quiz since the last reset